Countries with A - Statistics

General Stats
  • This quiz has been taken 29 times
  • The average score is 9 of 11
Answers on the Map
Answers color-coded by a green-red scale on the quiz's map according to % correct below.
 
Answer Stats
Answer % Correct
Afghanistan
100%
Australia
100%
Albania
92%
Algeria
92%
Austria
92%
Argentina
88%
Angola
81%
Armenia
65%
Antigua and Barbuda
58%
Azerbaijan
58%
Andorra
50%
No matching quizzes found
Score Distribution
Percent of People with Each Score
Percentile by Number Answered
Your Score History
You have not taken this quiz